000 00715nam a2200217 a 4500
001 000002021
003 DO-SdBNP
005 20240412074310.0
007 ta
008 090630s1976 dr a 000 j spa d
040 _aDO-SdBNP
_bspa
_cBNPHU
082 _a301.321
_bO77e
100 1 _aOrtega, Manuel M.
_937525
245 1 0 _aEncuesta de la audiencia de la escuela radiofónica de educación familiar de la Asociación Dominicana Pro Bienestar de la Familia /
_cManuel M. Ortega
260 _aSanto Domingo :
_bUniversidad Nacional Pedro Henríquez Ureña,
_c1976
300 _a40 p. ;
_c28 cm.
590 _aInventariado, 2022 / DG
650 0 _aLiteratura dominicana.
_967
910 _aDG
942 _2ddc
_cLF2
999 _c52618
_d52618